000
00298nam a22001097a 4500
999
_c
155289
_d
155289
082
_a
_b
100
_a
Kamble Balakrishna Yalappa
245
_a
Sathothar sahithya meim rajnithic chetana/
_c
by Kamble Balakrishna Yalappa.
260
_a
Kanpur:
_b
Abhay Prakashan,
_c
2012.
650
_a
942
_c
BK